| 000 | 00497nam a22001817a 4500 | ||
|---|---|---|---|
| 003 | OSt | ||
| 005 | 20180116183054.0 | ||
| 008 | 160905b xxu||||| |||| 00| 0 eng d | ||
| 020 | _a9789694073446 | ||
| 040 | _c0 | ||
| 082 | _a342.54909 CHO 2007 | ||
| 100 | _aChoudhury,G.W. | ||
| 245 |
_aConstitutional Development In Pakistan _cG.W.Choudhury |
||
| 260 |
_aKarachi _bRoyal Book Company _c2007. |
||
| 300 |
_a272 p. _bHB. |
||
| 440 | _aConstitutional Development In Pakistan | ||
| 942 |
_2ddc _cBK |
||
| 999 |
_c351756 _d351756 |
||